LEADER 01744nam 2200565 450 001 9910464694603321 005 20200520144314.0 010 $a1-59332-774-9 035 $a(CKB)3710000000134498 035 $a(SSID)ssj0001223775 035 $a(PQKBManifestationID)11749672 035 $a(PQKBTitleCode)TC0001223775 035 $a(PQKBWorkID)11260649 035 $a(PQKB)11669431 035 $a(MiAaPQ)EBC1718244 035 $a(Au-PeEL)EBL1718244 035 $a(CaPaEBR)ebr10887970 035 $a(OCoLC)881887726 035 $a(EXLCZ)993710000000134498 100 $a20140711h20142014 uy 0 101 0 $aeng 135 $aurcnu|||||||| 181 $ctxt 182 $cc 183 $acr 200 10$aAccountability by camera $eonline video's effects on police-civilian interactions /$fDouglas A. Kelly 210 1$aEl Paso, Texas :$cLFB Scholarly Publishing LLC,$d2014. 210 4$dİ2014 215 $a1 online resource (317 pages) 225 1 $aCriminal Justice : Recent Scholarship 300 $aBibliographic Level Mode of Issuance: Monograph 311 $a1-59332-757-9 320 $aIncludes bibliographical references and index. 410 0$aCriminal justice (LFB Scholarly Publishing LLC) 606 $aPolice-community relations 606 $aImaging systems 606 $aVideo recordings 608 $aElectronic books. 615 0$aPolice-community relations. 615 0$aImaging systems. 615 0$aVideo recordings. 676 $a363.2/3 700 $aKelly$b Douglas A.$f1963-$0994449 801 0$bMiAaPQ 801 1$bMiAaPQ 801 2$bMiAaPQ 906 $aBOOK 912 $a9910464694603321 996 $aAccountability by camera$92277365 997 $aUNINA